| 000 | 00473nam a2200181Ia 4500 | ||
|---|---|---|---|
| 005 | 20250423101718.0 | ||
| 008 | 250422s9999 xx 000 0 und d | ||
| 020 | _a0837969581 | ||
| 050 | _aE 176 .W46/ | ||
| 245 | 0 | _aWho's who in America 1976-1977 volume 1 | |
| 250 | _a39th ed. | ||
| 260 | _aChicago | ||
| 260 | _bMarquis Who's Who | ||
| 260 | _c1976 | ||
| 300 | _a1799 p | ||
| 650 | _aUnited States_Biography. United States_Biography_Periodicals. | ||
| 942 | _cBK | ||
| 999 |
_c37051 _d37051 |
||